Statistics for Breaking Bad Best Episodes

Click here to take the quiz!

General Stats

  • This quiz has been taken 32 times
  • The average score is 33 of 62

Answer Stats

RankRatingAnswer% Correct
627.8Fly
85%
110Ozymandias
85%
29.9Face Off
75%
39.9Felina
75%
299Pilot (Breaking Bad)
75%
219.2ABQ
70%
69.7Granite State
70%
139.5Half Measures
70%
49.8To'hajiilee
70%
179.3Crazy Handful of Nothin'
65%
89.6Full Measure
65%
398.7And the Bag's in the River
60%
578.2Cancer Man
60%
548.3Gray Matter
60%
478.5Over
60%
189.3Phoenix
60%
418.6The Cat's in the Bag
60%
239.2Box Cutter
55%
458.6Bullet Points
55%
448.6Caballo sin Nombre
55%
59.7Crawl Space
55%
79.7Dead Freight
55%
588.2Down
55%
498.5Más
55%
488.5No Más
55%
289.1Rabid Dog
55%
109.6Salud
55%
159.5Say My Name
55%
328.8A No-Rough-Stuff-Type Deal
50%
229.2Better Call Saul
50%
269.2Buried
50%
119.6Confessions
50%
149.5End Times
50%
129.6Gliding Over All
50%
598.2Green Light
50%
199.3Grilled
50%
318.9Mandala
50%
99.6One Minute
50%
428.6Seven Thirty-Seven
50%
468.6Shotgun
50%
209.3Sunset
50%
169.4Blood Money
45%
568.3Breakage
45%
309Buyout
45%
388.8Fifty-One
45%
508.4I.F.T.
45%
408.7I See You
45%
528.4Kafkaesque
45%
368.8Madrigal
45%
438.6Negro y Azul
45%
338.8Peekaboo
45%
348.8Problem Dog
45%
279.14 Days Out
40%
518.4Abiquiu
40%
558.3Bit by a Dead Bee
40%
538.4Cornered
40%
378.8Hazard Pay
40%
249.2Hermanos
40%
259.2Live Free or Die
40%
618Open House
35%
608.2Thirty-Eight Snub
35%
358.8Bug
30%

Score Distribution

Percentile by Number Answered

Percent of People with Each Score

Your Score History

You have not taken this quiz